[Event "DVM U20w 2015"]
[Site "Osnabrück GER"]
[Date "2015.12.29"]
[Round "6"]
[White "Hund, Sarah"]
[Black "Diederichs, Luise"]
[Result "1/2-1/2"]
[Termination "normal"]
[Board "1.1"]
[WhiteElo "1881"]
[BlackElo "1964"]
[WhiteClock "00:21:46"]
[BlackClock "00:29:44"]
[WhiteTeam "SK Freiburg Zähringen 1887"]
[BlackTeam "TuRa Harksheide Norderstedt"]
[PlyCount "60"]
[WhiteFideId "12923338"]
[BlackFideId "24692328"]
[EventCountry "GER"]
[EventRounds "7"]
[EventType "team-swiss"]
[EventDate "2015.12.26"]

1. e4 g6 2. d4 d6 3. Nc3 Bg7 4. Nf3 a6 5. g3 Nd7 6. Bg2 c5 7. O-O cxd4 8. Nxd4
Ngf6 9. Be3 Ne5 10. h3 Nc4 11. Bc1 e5 12. Nf3 O-O 13. b3 Na5 14. Ba3 Qc7 15.
Qd2 Rd8 16. Rac1 Be6 17. Ng5 Rac8 18. Nd5 Bxd5 19. exd5 b5 20. f4 exf4 21. Rxf4
h6 22. Ne4 Nxe4 23. Rxe4 Qb6+ 24. Kh2 Nb7 25. Rf1 Rd7 26. Qe2 Be5 27. Bb2 f6
28. Qg4 Nc5 29. b4 Nxe4 30. Qxd7 Rxc2 1/2-1/2

[Event "DVM U20w 2015"]
[Site "Osnabrück GER"]
[Date "2015.12.29"]
[Round "6"]
[White "Polert, Annika"]
[Black "Denz, Annika"]
[Result "1-0"]
[Termination "normal"]
[Board "1.2"]
[WhiteElo "1887"]
[BlackElo "1648"]
[WhiteClock "00:30:45"]
[BlackClock "00:32:46"]
[WhiteTeam "TuRa Harksheide Norderstedt"]
[BlackTeam "SK Freiburg Zähringen 1887"]
[PlyCount "45"]
[WhiteFideId "24661597"]
[BlackFideId "12922935"]
[EventCountry "GER"]
[EventRounds "7"]
[EventType "team-swiss"]
[EventDate "2015.12.26"]

1. c4 e5 2. Nc3 Nf6 3. g3 Bb4 4. Bg2 O-O 5. a3 Bxc3 6. dxc3 Nc6 7. e4 h6 8. f3
d6 9. Nh3 Be6 10. b3 Qd7 11. Nf2 Ne7 12. Be3 c5 13. O-O b6 14. Ra2 Qc7 15. Rd2
Rfd8 16. f4 exf4 17. gxf4 Nc6 18. f5 Bd7 19. Ng4 Ne8 20. Bf4 Rac8 21. Rf3 Ne5
22. Bxe5 dxe5 23. Rfd3 1-0

[Event "DVM U20w 2015"]
[Site "Osnabrück GER"]
[Date "2015.12.29"]
[Round "6"]
[White "Neisius, Laura Maria"]
[Black "Rosmait, Emily"]
[Result "0-1"]
[Termination "normal"]
[Board "1.3"]
[WhiteElo "1463"]
[BlackElo "1963"]
[WhiteClock "00:00:53"]
[BlackClock "00:01:13"]
[WhiteTeam "SK Freiburg Zähringen 1887"]
[BlackTeam "TuRa Harksheide Norderstedt"]
[PlyCount "78"]
[WhiteFideId "12910040"]
[BlackFideId "12937754"]
[EventCountry "GER"]
[EventRounds "7"]
[EventType "team-swiss"]
[EventDate "2015.12.26"]

1. e4 d6 2. d4 Nf6 3. Nc3 g6 4. Bf4 Bg7 5. Bd3 O-O 6. Nge2 c6 7. Qd2 Re8 8. O-O
e5 9. Bg5 Nbd7 10. f4 exd4 11. Nxd4 Qb6 12. Nce2 c5 13. Ng3 cxd4 14. Rab1 Nc5
15. Rfe1 Bd7 16. f5 d5 17. Bxf6 Bxf6 18. Kh1 dxe4 19. Bxe4 Nxe4 20. Nxe4 Bxf5
21. Nxf6+ Qxf6 22. Rf1 Qd6 23. Rf4 Re4 24. Rf3 Rae8 25. Rbf1 Qe5 26. R3f2 Re2
27. Rxe2 Qxe2 28. Qf4 d3 29. cxd3 Qxd3 30. h3 Qe4 31. Qf2 Qe2 32. Qf4 Qxb2 33.
Qg3 Qe5 34. Qf2 Qe2 35. Qf4 Qxa2 36. Qg3 Qd5 37. h4 h5 38. Qf2 a5 39. Kg1 b5
0-1

[Event "DVM U20w 2015"]
[Site "Osnabrück GER"]
[Date "2015.12.29"]
[Round "6"]
[White "Zimmermann, Jasmin"]
[Black "Antusch, Isabella"]
[Result "1-0"]
[Termination "normal"]
[Board "1.4"]
[WhiteElo "1721"]
[BlackElo "1139"]
[WhiteClock "00:26:22"]
[BlackClock "00:12:05"]
[WhiteTeam "TuRa Harksheide Norderstedt"]
[BlackTeam "SK Freiburg Zähringen 1887"]
[PlyCount "63"]
[WhiteFideId "12900400"]
[BlackFideId "12963941"]
[EventCountry "GER"]
[EventRounds "7"]
[EventType "team-swiss"]
[EventDate "2015.12.26"]

1. e4 c5 2. Nf3 Nc6 3. Bb5 a6 4. Bxc6 bxc6 5. d3 e6 6. O-O Nf6 7. Nbd2 Be7 8.
Nc4 d5 9. Nce5 Bd7 10. Nxd7 Nxd7 11. Bf4 O-O 12. e5 f6 13. Qe2 Re8 14. Rfe1 Rc8
15. Rad1 fxe5 16. Nxe5 Nxe5 17. Bxe5 Bf6 18. Qg4 Bxe5 19. Rxe5 Qd7 20. Rde1 Re7
21. h3 Rce8 22. f4 h6 23. Qg6 a5 24. a4 Kh8 25. R1e3 Rf7 26. Rxe6 Rxe6 27. Rxe6
Kg8 28. f5 Qd8 29. f6 Rxf6 30. Re8+ Qxe8 31. Qxe8+ Kh7 32. Qa8 1-0

[Event "DVM U20w 2015"]
[Site "Osnabrück GER"]
[Date "2015.12.29"]
[Round "6"]
[White "Graf, Pia"]
[Black "Spangenberg, Romy"]
[Result "1/2-1/2"]
[Termination "normal"]
[Board "2.1"]
[WhiteElo "1768"]
[BlackElo "1859"]
[WhiteTeam "USG Chemnitz"]
[BlackTeam "Chemnitzer SC Aufbau`95"]
[PlyCount "76"]
[WhiteFideId "12917737"]
[BlackFideId "4627997"]
[EventCountry "GER"]
[EventRounds "7"]
[EventType "team-swiss"]
[EventDate "2015.12.26"]

1. e4 c5 2. c3 d5 3. exd5 Qxd5 4. d4 Nf6 5. Nf3 Bg4 6. Be2 e6 7. Be3 cxd4 8.
Qxd4 Nc6 9. Qd1 Be7 10. Nbd2 O-O 11. O-O Rad8 12. Re1 Rfe8 13. Qb3 Qxb3 14.
Nxb3 Nd5 15. Bd2 Bd6 16. Nbd4 Nxd4 17. Nxd4 Bxe2 18. Nxe2 e5 19. Rad1 Nb6 20.
Ng3 Nc4 21. Bc1 Bc7 22. b3 Nd6 23. c4 b6 24. Bb2 f6 25. Bc3 Nf7 26. Nf5 Rxd1
27. Rxd1 Rd8 28. Ne7+ Kf8 29. Rxd8+ Nxd8 30. Nd5 Bd6 31. g3 Kf7 32. Bb4 Ke6 33.
f3 Bxb4 34. Nxb4 Kd6 35. Kf2 Nc6 36. Nxc6 Kxc6 37. b4 f5 38. Ke3 g6 1/2-1/2

[Event "DVM U20w 2015"]
[Site "Osnabrück GER"]
[Date "2015.12.29"]
[Round "6"]
[White "Hartewig, Anja"]
[Black "Kluge, Leyla"]
[Result "1-0"]
[Termination "normal"]
[Board "2.2"]
[WhiteElo "1761"]
[BlackElo "1604"]
[WhiteTeam "Chemnitzer SC Aufbau`95"]
[BlackTeam "USG Chemnitz"]
[PlyCount "147"]
[WhiteFideId "12917966"]
[BlackFideId "12918172"]
[EventCountry "GER"]
[EventRounds "7"]
[EventType "team-swiss"]
[EventDate "2015.12.26"]

1. d4 f5 2. Nc3 Nf6 3. Bg5 d5 4. Bxf6 exf6 5. e3 c6 6. Bd3 Bd6 7. Qh5+ g6 8.
Qf3 Be6 9. Nge2 Qe7 10. h4 Nd7 11. h5 O-O-O 12. O-O-O Rhg8 13. Nf4 Bxf4 14.
Qxf4 Nb6 15. hxg6 hxg6 16. Rh6 Qg7 17. Rdh1 g5 18. Qf3 f4 19. exf4 gxf4 20.
Qxf4 Qxg2 21. Qxf6 Rde8 22. R6h2 Qg4 23. f3 Qg3 24. Ne2 Qd6 25. f4 Nd7 26. Qh6
Qe7 27. f5 Bf7 28. Qf4 Nf6 29. Ng3 Rg4 30. Qf2 Qd6 31. Ne2 Rgg8 32. Rg2 Ng4 33.
Qf4 Qxf4+ 34. Nxf4 Ne3 35. Rxg8 Rxg8 36. Re1 Ng4 37. Rg1 Nf2 38. Rxg8+ Bxg8 39.
Be2 Ne4 40. Ng6 Kd8 41. c3 Bh7 42. Kc2 Bxg6 43. fxg6 Ke7 44. Kd3 Kf6 45. Bh5
Nd6 46. b3 Ne4 47. c4 Ng3 48. Bg4 Ne4 49. Bf3 Ng5 50. Bg2 dxc4+ 51. Kxc4 Kxg6
52. d5 cxd5+ 53. Bxd5 Nf7 54. Kc5 Nd8 55. Kd6 Kf6 56. Kc7 Ke7 57. Bxb7 Ne6+ 58.
Kb8 a5 59. Ka7 Kd6 60. Kb6 Nc5 61. Bc6 Ne6 62. Ba4 Nc5 63. Kxa5 Kc7 64. b4 Nd3
65. b5 Kb8 66. Bc2 Nc1 67. a4 Na2 68. Kb6 Nc3 69. Bb3 Ka8 70. Ka6 Kb8 71. b6
Nxa4 72. Bxa4 Ka8 73. Bc6+ Kb8 74. Bh1 1-0

[Event "DVM U20w 2015"]
[Site "Osnabrück GER"]
[Date "2015.12.29"]
[Round "6"]
[White "Oltmanns, Bianca"]
[Black "Nitzsche, Pia"]
[Result "1-0"]
[Termination "normal"]
[Board "2.3"]
[WhiteElo "1745"]
[BlackElo "1719"]
[WhiteTeam "USG Chemnitz"]
[BlackTeam "Chemnitzer SC Aufbau`95"]
[PlyCount "81"]
[WhiteFideId "24698008"]
[BlackFideId "12900370"]
[EventCountry "GER"]
[EventRounds "7"]
[EventType "team-swiss"]
[EventDate "2015.12.26"]

1. e4 c5 2. Nf3 d6 3. d4 cxd4 4. Nxd4 Nf6 5. Nc3 g6 6. Be3 Bg7 7. f3 O-O 8. Qd2
Nc6 9. O-O-O d5 10. Qe1 Qa5 11. Nxc6 bxc6 12. Nxd5 Qxa2 13. Nxe7+ Kh8 14. Qb4
c5 15. Qa3 Qe6 16. Nd5 Nxd5 17. exd5 Qb6 18. Bxc5 Qd8 19. Bxf8 Bxf8 20. Qe3 Kg8
21. Bc4 Qh4 22. Qd4 Qg5+ 23. Qd2 Qh4 24. Qe2 Qf6 25. Rhe1 Bd7 26. Qe5 Qb6 27.
Qc3 Bb4 28. Qe3 Bxe1 29. Qxb6 Bd2+ 30. Kxd2 axb6 31. Re1 Kf8 32. Kc3 b5 33. Bb3
Rc8+ 34. Kd4 f6 35. d6 h5 36. Re7 Rd8 37. Rf7+ Ke8 38. Rxf6 Bf5 39. Bf7+ Kd7
40. Bxg6 Bxg6 41. Rxg6 1-0

[Event "DVM U20w 2015"]
[Site "Osnabrück GER"]
[Date "2015.12.29"]
[Round "6"]
[White "Fischer, Franziska"]
[Black "Wienhold, Nadine"]
[Result "1-0"]
[Termination "normal"]
[Board "2.4"]
[WhiteElo "1773"]
[BlackElo "1375"]
[WhiteTeam "Chemnitzer SC Aufbau`95"]
[BlackTeam "USG Chemnitz"]
[PlyCount "77"]
[WhiteFideId "12924199"]
[BlackFideId "12964514"]
[EventCountry "GER"]
[EventRounds "7"]
[EventType "team-swiss"]
[EventDate "2015.12.26"]

1. d4 d5 2. e3 Nf6 3. Bd3 c5 4. c3 Nc6 5. Nf3 Bg4 6. Be2 e6 7. Nbd2 Bd6 8. O-O
O-O 9. dxc5 Bxc5 10. b4 Bd6 11. h3 Bf5 12. Nh4 Ne4 13. Nxe4 Bxe4 14. f3 Qxh4
15. fxe4 Qg3 16. e5 Bxe5 17. Rf3 Qh4 18. Bd2 Rac8 19. Be1 Qh6 20. Rc1 Rfd8 21.
Bd2 Rc7 22. Qe1 g6 23. c4 Qg7 24. b5 Ne7 25. c5 Re8 26. Bb4 Bb2 27. Rc2 Bf6 28.
Qc1 h6 29. a4 d4 30. e4 Bg5 31. Qd1 Be3+ 32. Kh1 a5 33. Ba3 Qe5 34. Bd3 Kg7 35.
Bb2 Rxc5 36. Rxe3 Rxc2 37. Bxc2 Rd8 38. Rd3 f6 39. Bxd4 1-0

[Event "DVM U20w 2015"]
[Site "Osnabrück GER"]
[Date "2015.12.29"]
[Round "6"]
[White "Alsheimer, Lea"]
[Black "Koch, Elisabeth"]
[Result "0-1"]
[Termination "normal"]
[Board "3.2"]
[WhiteElo "1624"]
[BlackElo "1682"]
[WhiteTeam "SC Bechhofen 1923"]
[BlackTeam "BSV 63 Chemie Weißensee"]
[PlyCount "88"]
[WhiteFideId "12918180"]
[BlackFideId "24695068"]
[EventCountry "GER"]
[EventRounds "7"]
[EventType "team-swiss"]
[EventDate "2015.12.26"]

1. d4 Nf6 2. Nf3 e6 3. e3 b6 4. Bd3 Bb7 5. Nbd2 Be7 6. O-O O-O 7. e4 c5 8. c3
Nc6 9. e5 Nd5 10. Re1 cxd4 11. cxd4 d6 12. exd6 Qxd6 13. Nc4 Qc7 14. a3 Rfd8
15. Nce5 Bf6 16. Qc2 h6 17. Nxc6 Qxc6 18. Qxc6 Bxc6 19. Be4 Ne7 20. Bxc6 Nxc6
21. Be3 Nxd4 22. Bxd4 Bxd4 23. Nxd4 Rxd4 24. Red1 Rad8 25. Rxd4 Rxd4 26. g3 Rd2
27. b4 Kf8 28. Kg2 Rd3 29. a4 Rb3 30. b5 Rb4 31. Kf3 Ke7 32. Ke3 e5 33. h4 Ke6
34. f3 Kd5 35. a5 Rxb5 36. axb6 axb6 37. Ra7 Ke6 38. Rb7 Rb3+ 39. Ke2 h5 40.
Kf2 Kf6 41. Ke2 Kg6 42. Kf2 f6 43. Ke2 b5 44. Rb6 b4 0-1

[Event "DVM U20w 2015"]
[Site "Osnabrück GER"]
[Date "2015.12.29"]
[Round "6"]
[White "Greßmann, Hanna"]
[Black "Böse, Carolin"]
[Result "1-0"]
[Termination "normal"]
[Board "3.3"]
[WhiteElo "1731"]
[BlackElo "1555"]
[WhiteTeam "BSV 63 Chemie Weißensee"]
[BlackTeam "SC Bechhofen 1923"]
[PlyCount "49"]
[WhiteFideId "12930709"]
[BlackFideId "12929646"]
[EventCountry "GER"]
[EventRounds "7"]
[EventType "team-swiss"]
[EventDate "2015.12.26"]

1. e4 e6 2. d4 d5 3. e5 c5 4. c3 Nc6 5. Nf3 Qb6 6. Bd3 Bd7 7. Bc2 cxd4 8. cxd4
Nge7 9. Nc3 Nb4 10. Ba4 Bxa4 11. Qxa4+ Nec6 12. O-O Nd3 13. Rb1 Nxc1 14. Rbxc1
Be7 15. Qd1 O-O 16. a3 a5 17. Na4 Qa6 18. Nc5 Qa7 19. Rc2 Rfc8 20. Rc1 b6 21.
Nxe6 fxe6 22. Rxc6 Kf7 23. Qc1 Rf8 24. Rc7 Qb8 25. Ng5+ 1-0

[Event "DVM U20w 2015"]
[Site "Osnabrück GER"]
[Date "2015.12.29"]
[Round "6"]
[White "Schäfer, Ann-Kathrin"]
[Black "Alcer, Johanna"]
[Result "1-0"]
[Termination "normal"]
[Board "3.4"]
[WhiteElo "1706"]
[BlackElo "1187"]
[WhiteTeam "SC Bechhofen 1923"]
[BlackTeam "BSV 63 Chemie Weißensee"]
[PlyCount "75"]
[WhiteFideId "24615412"]
[BlackFideId "12964450"]
[EventCountry "GER"]
[EventRounds "7"]
[EventType "team-swiss"]
[EventDate "2015.12.26"]

1. d4 d5 2. Nf3 Nc6 3. e3 Bg4 4. Be2 Nf6 5. O-O e6 6. b3 Bd6 7. Bb2 O-O 8. Nbd2
Re8 9. Ne5 Bxe2 10. Qxe2 Bxe5 11. dxe5 Nd7 12. f4 Nc5 13. Qb5 Ne4 14. Nxe4 dxe4
15. Qxb7 Qd7 16. Rad1 Rab8 17. Qxb8 Nxb8 18. Rxd7 Nxd7 19. Rd1 Nb6 20. c4 Kf8
21. Ba3+ Kg8 22. Bc5 f6 23. exf6 gxf6 24. Kf2 Kf7 25. a4 Nc8 26. Rd7+ Re7 27.
Bxe7 Nxe7 28. Rxc7 a6 29. Ra7 f5 30. Rxa6 Kf6 31. b4 Nc8 32. b5 Ke7 33. b6 Nd6
34. c5 Nb7 35. Ra7 Kd7 36. Rxb7+ Kc6 37. Rc7+ Kd5 38. b7 1-0

[Event "DVM U20w 2015"]
[Site "Osnabrück GER"]
[Date "2015.12.29"]
[Round "6"]
[White "Leinemann, Vivien Sophie"]
[Black "Wiesner, Paula"]
[Result "0-1"]
[Termination "normal"]
[Board "4.1"]
[WhiteElo "1635"]
[BlackElo "2029"]
[WhiteTeam "Hamburger SK von 1830"]
[BlackTeam "Karlsruher SF 1853"]
[PlyCount "58"]
[WhiteFideId "16208536"]
[BlackFideId "24654019"]
[EventCountry "GER"]
[EventRounds "7"]
[EventType "team-swiss"]
[EventDate "2015.12.26"]

1. e4 e6 2. d4 d5 3. Nc3 Nf6 4. e5 Nfd7 5. f4 c5 6. Nf3 Nc6 7. Be3 cxd4 8. Nxd4
Bc5 9. Qd2 O-O 10. Be2 a6 11. O-O Qc7 12. Rac1 b5 13. Nxc6 Qxc6 14. a3 Bb7 15.
Bf3 Rac8 16. Kh1 Nb6 17. Bxc5 Qxc5 18. Qf2 Nc4 19. Qxc5 Rxc5 20. b4 Rc7 21. Nb1
d4 22. Bxb7 Rxb7 23. c3 d3 24. Rf3 d2 25. Rd1 Rd7 26. g4 Rfd8 27. Rf2 f6 28.
exf6 gxf6 29. Kg2 Ne3+ 0-1

[Event "DVM U20w 2015"]
[Site "Osnabrück GER"]
[Date "2015.12.29"]
[Round "6"]
[White "Mangei, Jasmin"]
[Black "Voß, Henrike"]
[Result "1-0"]
[Termination "normal"]
[Board "4.2"]
[WhiteElo "1890"]
[BlackElo "1535"]
[WhiteTeam "Karlsruher SF 1853"]
[BlackTeam "Hamburger SK von 1830"]
[PlyCount "52"]
[WhiteFideId "12951803"]
[BlackFideId "12971910"]
[EventCountry "GER"]
[EventRounds "7"]
[EventType "team-swiss"]
[EventDate "2015.12.26"]

1. e4 e5 2. Nf3 Nc6 3. Bc4 Bc5 4. c3 Nf6 5. d4 exd4 6. e5 d5 7. Bb5 Ne4 8. cxd4
Bb4+ 9. Bd2 Bxd2+ 10. Nfxd2 O-O 11. Bxc6 bxc6 12. Qc2 Nxd2 13. Nxd2 Bd7 14. O-O
Qe7 15. Nb3 Rfb8 16. Rac1 Rb6 17. Nc5 Rab8 18. b3 Bc8 19. f4 Qh4 20. Rf3 Qg4
21. Qf2 Qf5 22. Qh4 f6 23. Rg3 Kf7 24. Re1 Be6 25. exf6 gxf6 26. Nxe6 Ke7 1-0

[Event "DVM U20w 2015"]
[Site "Osnabrück GER"]
[Date "2015.12.29"]
[Round "6"]
[White "Reich, Kristina"]
[Black "Wang, Yanru"]
[Result "0-1"]
[Termination "normal"]
[Board "4.3"]
[WhiteElo "1636"]
[BlackElo "1490"]
[WhiteTeam "Hamburger SK von 1830"]
[BlackTeam "Karlsruher SF 1853"]
[PlyCount "54"]
[WhiteFideId "12964719"]
[BlackFideId "12929328"]
[EventCountry "GER"]
[EventRounds "7"]
[EventType "team-swiss"]
[EventDate "2015.12.26"]

1. e4 c6 2. d4 d5 3. e5 c5 4. Nf3 Bf5 5. Be2 Nc6 6. Be3 e6 7. O-O Qb6 8. b3
cxd4 9. Bxd4 Bc5 10. Bxc5 Qxc5 11. Bd3 Nge7 12. Re1 O-O 13. c4 Rfd8 14. Qe2 Nd4
15. Qe3 Bxd3 16. Qxd4 Qxd4 17. Nxd4 dxc4 18. Nb5 Nf5 19. bxc4 Bxc4 20. N1a3
Bxb5 21. Nxb5 a6 22. Na3 Rac8 23. Rac1 b5 24. f4 Kf8 25. g3 Nd4 26. Kg2 Nc2 27.
Nb1 Nxe1+ 0-1

[Event "DVM U20w 2015"]
[Site "Osnabrück GER"]
[Date "2015.12.29"]
[Round "6"]
[White "Bykov, Ilona"]
[Black "G., Diana"]
[Result "1-0"]
[Termination "normal"]
[Board "4.4"]
[WhiteElo "1257"]
[BlackElo "1328"]
[WhiteTeam "Karlsruher SF 1853"]
[BlackTeam "Hamburger SK von 1830"]
[PlyCount "61"]
[WhiteFideId "12964433"]
[BlackFideId "12964700"]
[EventCountry "GER"]
[EventRounds "7"]
[EventType "team-swiss"]
[EventDate "2015.12.26"]

1. e4 d6 2. d4 g6 3. Nc3 Bg7 4. Bc4 Nf6 5. Qe2 O-O 6. e5 dxe5 7. dxe5 Ng4 8. e6
Ne5 9. exf7+ Nxf7 10. Bg5 Nc6 11. Rd1 Nd4 12. Qd2 c5 13. Nge2 Bg4 14. h3 Bxe2
15. Nxe2 Kh8 16. Bxf7 Rxf7 17. c3 Nc6 18. O-O Qb6 19. Qc2 Raf8 20. Be3 Qb5 21.
a4 Qc4 22. b3 Nb4 23. Qd2 Qxb3 24. cxb4 cxb4 25. Bxa7 Qxa4 26. Bc5 b3 27. Rb1
Rc8 28. Qe3 Qb5 29. Bd4 Rc2 30. Bxg7+ Kxg7 31. Nd4 1-0

[Event "DVM U20w 2015"]
[Site "Osnabrück GER"]
[Date "2015.12.29"]
[Round "6"]
[White "Weber, Sandra"]
[Black "Peters, Theresa"]
[Result "1/2-1/2"]
[Termination "normal"]
[Board "5.1"]
[WhiteElo "1873"]
[BlackElo "1722"]
[WhiteTeam "SV Stuttgart-Wolfbusch 1956"]
[BlackTeam "SV 1919 Grimma"]
[PlyCount "62"]
[WhiteFideId "1270049"]
[BlackFideId "12952192"]
[EventCountry "GER"]
[EventRounds "7"]
[EventType "team-swiss"]
[EventDate "2015.12.26"]

1. e4 c5 2. Nf3 e6 3. d4 cxd4 4. Nxd4 a6 5. Nc3 Qc7 6. Bd3 Bc5 7. Nb3 Be7 8.
O-O Nf6 9. Qe2 Nc6 10. f4 d6 11. Be3 Nb4 12. Kh1 b5 13. Rac1 Bb7 14. a3 Nc6 15.
a4 b4 16. Na2 Nd7 17. c3 Nc5 18. Nxc5 dxc5 19. cxb4 cxb4 20. Qg4 O-O 21. e5 Qd7
22. Be4 Rfd8 23. Bb6 Rdc8 24. Rfd1 Qe8 25. Qf3 Rab8 26. a5 b3 27. Nc3 Bb4 28.
Ne2 Bxa5 29. Bxc6 Bxc6 30. Rxc6 Rxb6 31. Rxb6 Bxb6 1/2-1/2

[Event "DVM U20w 2015"]
[Site "Osnabrück GER"]
[Date "2015.12.29"]
[Round "6"]
[White "Neumann, Isabel"]
[Black "Lederer, Leia"]
[Result "1-0"]
[Termination "normal"]
[Board "5.2"]
[WhiteElo "1644"]
[BlackElo "1565"]
[WhiteTeam "SV 1919 Grimma"]
[BlackTeam "SV Stuttgart-Wolfbusch 1956"]
[PlyCount "113"]
[WhiteFideId "12964468"]
[BlackFideId "12926353"]
[EventCountry "GER"]
[EventRounds "7"]
[EventType "team-swiss"]
[EventDate "2015.12.26"]

1. d4 Nf6 2. c4 c5 3. d5 b5 4. cxb5 a6 5. b6 d6 6. Nc3 Nbd7 7. e4 Nxb6 8. a4 g6
9. a5 Nbd7 10. Qc2 Bg7 11. f4 Bb7 12. Nf3 O-O 13. Bd3 e6 14. dxe6 fxe6 15. Qb3
c4 16. Bxc4 Nc5 17. Qd1 Nfxe4 18. Nxe4 Bxe4 19. O-O d5 20. Be2 Rb8 21. Nd4
Bxd4+ 22. Qxd4 Nb3 23. Qa4 Nxa1 24. Qxa1 Qc8 25. Bg4 Qc5+ 26. Kh1 Qc6 27. Be3
d4 28. Rc1 Bxg2+ 29. Kg1 Qe4 30. Bf2 Rxf4 31. Re1 Qc2 32. Bxe6+ Kg7 33. Bg3 Bf3
34. Bh3 Rg4 35. Qa3 Re4 36. Rxe4 Qxe4 37. Bxb8 d3 38. Qc3+ Kh6 39. Qd2+ g5 40.
Bg3 Kh5 41. Bf1 Qd4+ 42. Qf2 Qxf2+ 43. Kxf2 d2 44. Be2 d1=N+ 45. Kxf3 Nxb2 46.
Bxa6 Na4 47. Bf2 Nc3 48. Bc4 g4+ 49. Kf4 Nd1 50. Bd4 Kh4 51. a6 Kh3 52. a7 g3
53. hxg3 h5 54. a8=Q Kh2 55. Qa2+ Nf2 56. Qxf2+ Kh3 57. Bf1# 1-0

[Event "DVM U20w 2015"]
[Site "Osnabrück GER"]
[Date "2015.12.29"]
[Round "6"]
[White "Kobald, Jacqueline"]
[Black "Könze, Heike"]
[Result "1-0"]
[Termination "normal"]
[Board "5.3"]
[WhiteElo "1434"]
[BlackElo "1639"]
[WhiteTeam "SV Stuttgart-Wolfbusch 1956"]
[BlackTeam "SV 1919 Grimma"]
[PlyCount "61"]
[WhiteFideId "12988162"]
[BlackFideId "12964476"]
[EventCountry "GER"]
[EventRounds "7"]
[EventType "team-swiss"]
[EventDate "2015.12.26"]

1. e4 c5 2. Nf3 d6 3. d4 cxd4 4. Nxd4 Nf6 5. Nc3 a6 6. Be2 e5 7. Nb3 Be6 8. O-O
Be7 9. Kh1 O-O 10. f4 Nc6 11. f5 Bc8 12. g4 Nd7 13. Nd5 Nc5 14. Nxc5 dxc5 15.
g5 Bxg5 16. Bxg5 Qxg5 17. Rg1 Qh4 18. Rg4 Qh6 19. Qg1 f6 20. Qg3 Rf7 21. Rh4
Qd2 22. Bh5 Rf8 23. Rg1 g5 24. fxg6 Qg5 25. gxh7+ Kh8 26. Qxg5 fxg5 27. Rxg5
Be6 28. Nc7 Bxa2 29. Nxa8 Rxa8 30. b3 Bb1 31. Bf7 1-0

[Event "DVM U20w 2015"]
[Site "Osnabrück GER"]
[Date "2015.12.29"]
[Round "6"]
[White "Hagenbeck-Hübert, Lara"]
[Black "Liu, Sijia Anna"]
[Result "1/2-1/2"]
[Termination "normal"]
[Board "5.4"]
[WhiteElo "1520"]
[BlackElo "1190"]
[WhiteTeam "SV 1919 Grimma"]
[BlackTeam "SV Stuttgart-Wolfbusch 1956"]
[PlyCount "141"]
[WhiteFideId "12964484"]
[BlackFideId "12989746"]
[EventCountry "GER"]
[EventRounds "7"]
[EventType "team-swiss"]
[EventDate "2015.12.26"]

1. d4 d5 2. Nf3 Nf6 3. Bf4 c5 4. e3 Nc6 5. Be2 Qb6 6. Nc3 a6 7. Rb1 Bf5 8. a3
cxd4 9. Nxd4 Nxd4 10. exd4 e6 11. O-O Be7 12. Be5 O-O 13. Bd3 Bxd3 14. Qxd3 Qc6
15. Rfe1 b5 16. Re3 Qc4 17. Qe2 Qxe2 18. Rxe2 Rac8 19. f3 Rc6 20. Na2 a5 21.
Rc1 Rfc8 22. Bg3 Nh5 23. Be1 Nf4 24. Rd2 Bg5 25. c3 Ng6 26. g3 Bxd2 27. Bxd2 e5
28. Be3 Rf6 29. Kg2 exd4 30. Bxd4 Re6 31. Kf2 Rce8 32. Rc2 Re1 33. Nc1 R1e6 34.
Nd3 f6 35. f4 Rc6 36. Kf3 Ne7 37. Re2 Kf7 38. g4 Re6 39. Rd2 Nc6 40. Bc5 Re4
41. Nf2 R4e6 42. Rxd5 Rd8 43. Rxd8 Nxd8 44. Ne4 Nb7 45. Bd4 Ke7 46. f5 Rc6 47.
g5 fxg5 48. Bxg7 Nd6 49. f6+ Ke8 50. Nxg5 h6 51. Bxh6 Nf7 52. Nxf7 Kxf7 53. Bg7
Rc5 54. h4 Rc4 55. h5 Rh4 56. h6 a4 57. Ke3 Kg6 58. Kd3 Kf7 59. c4 bxc4+ 60.
Kc3 Kg6 61. Kb4 c3+ 62. Kxc3 Kf7 63. b4 Kg6 64. b5 Re4 65. b6 Re6 66. b7 Rb6
67. Kd4 Rxb7 68. Ke5 Rb6 69. Kd5 Ra6 70. Ke5 Rc6 71. Kd5 1/2-1/2

[Event "DVM U20w 2015"]
[Site "Osnabrück GER"]
[Date "2015.12.29"]
[Round "6"]
[White "Wagner, Swenja"]
[Black "Schumann, Rabea"]
[Result "0-1"]
[Termination "normal"]
[Board "6.1"]
[WhiteElo "1727"]
[BlackElo "1838"]
[WhiteTeam "Leegebrucher SF"]
[BlackTeam "SG Güstrow/Teterow"]
[PlyCount "108"]
[WhiteFideId "12900494"]
[BlackFideId "12918199"]
[EventCountry "GER"]
[EventRounds "7"]
[EventType "team-swiss"]
[EventDate "2015.12.26"]

1. e4 c5 2. Nf3 Nc6 3. d4 cxd4 4. Nxd4 g6 5. Nc3 Bg7 6. Be3 Nf6 7. f3 O-O 8.
Bc4 Qa5 9. Qd2 Qb4 10. Nxc6 bxc6 11. Bb3 d6 12. O-O a5 13. a3 Qb7 14. Rad1 Qc7
15. Kh1 Ba6 16. Rfe1 Rfd8 17. Na4 Nd7 18. Qf2 c5 19. Bg5 Ne5 20. Nc3 Bb7 21.
Nd5 Bxd5 22. Bxd5 Rab8 23. f4 Ng4 24. Qh4 Nf6 25. b3 Nxd5 26. exd5 f6 27. Bh6
Rd7 28. Bxg7 Kxg7 29. Qg3 c4 30. Rb1 Qc5 31. bxc4 Rxb1 32. Rxb1 Qxc4 33. Qb3
Qxf4 34. Qb5 Rc7 35. Qxa5 Rxc2 36. Qe1 Rc7 37. h3 Qc4 38. Qd1 Kf7 39. Qf3 Rc5
40. Rd1 Qc3 41. Rd3 Qa1+ 42. Rd1 Rc1 43. Rxc1 Qxc1+ 44. Kh2 Qb2 45. Qe3 Qe5+
46. Qxe5 dxe5 47. a4 Ke8 48. Kg3 Kd7 49. Kg4 Kc7 50. a5 Kb7 51. h4 Ka6 52. h5
gxh5+ 53. Kf5 Kxa5 54. Ke6 e4 0-1

[Event "DVM U20w 2015"]
[Site "Osnabrück GER"]
[Date "2015.12.29"]
[Round "6"]
[White "Zoll, Cindy"]
[Black "Wolff, Marie"]
[Result "0-1"]
[Termination "normal"]
[Board "6.2"]
[WhiteElo "1272"]
[BlackElo "1703"]
[WhiteTeam "SG Güstrow/Teterow"]
[BlackTeam "Leegebrucher SF"]
[PlyCount "66"]
[WhiteFideId "12964638"]
[BlackFideId "12908258"]
[EventCountry "GER"]
[EventRounds "7"]
[EventType "team-swiss"]
[EventDate "2015.12.26"]

1. f4 c5 2. e3 Nc6 3. Nf3 Nf6 4. d4 cxd4 5. exd4 d5 6. Bd3 Bg4 7. c3 e6 8. O-O
Bd6 9. Qe1 Qc7 10. Ne5 O-O-O 11. b4 Bf5 12. Bb5 Rdf8 13. a4 Nb8 14. Be2 h5 15.
Na3 Qe7 16. Nb5 Nc6 17. Nxd6+ Qxd6 18. a5 Qc7 19. Qd1 g6 20. Qa4 Nxe5 21. fxe5
Ne4 22. Bb2 f6 23. Rac1 Nd2 24. Rfd1 Nc4 25. Bxc4 Qxc4 26. exf6 Rxf6 27. Re1
Rhf8 28. Rcd1 Be4 29. Qa1 Rf2 30. Kh1 Bxg2+ 31. Kg1 Be4 32. Rf1 Rg2+ 33. Kh1
Rg4+ 0-1